书目信息 |
| 题名: |
日本北方领土
|
|
| 作者: | 吉田嗣延 著 ;吉林师范大学外国问题研究所日本研究室 编译 | |
| 分册: | ||
| 出版信息: | 上海 上海译文出版社 1978 |
|
| 页数: | 162页 | |
| 开本: | 19cm | |
| 丛书名: | ||
| 单 册: | ||
| 中图分类: | K313.9 | |
| 科图分类: | ||
| 主题词: | 日本北方领土问题 | |
| 电子资源: | ||
| ISBN: | ||
| 000 | 00776nam0 2200241 45 | |
| 001 | 0178002682 | |
| 005 | 20060817091446.79 | |
| 010 | @dCNY0.45 | |
| 091 | @aCN@b3188.12 | |
| 100 | @a19950725d1978 em y0chiy0121 ea | |
| 101 | 1 | @achi@cjpn |
| 102 | @aCN@b310000 | |
| 105 | @ay z 000yy | |
| 200 | 10 | @a日本北方领土@Ari ben bei fang ling tu@f(日)吉田嗣延等著@g吉林师范大学外国问题研究所日本研究室编译 |
| 210 | @a上海@c上海译文出版社@d1978 | |
| 215 | @a162页@d19cm | |
| 300 | @a内部发行 | |
| 606 | @a日本北方领土问题 | |
| 690 | @aK313.9@v3 | |
| 701 | 0 | @a吉田嗣延@Aji tian si yan@4著 |
| 712 | 02 | @a吉林师范大学外国问题研究所日本研究室@Aji lin shi fan da xue wai guo wenti yan jiu suo ri ben yan jiu shi@4编译 |
| 801 | 0 | @aCN@bTSSF@c20060817 |
| 905 | @a10447@dK313.9@e39 | |
| 日本北方领土/(日)吉田嗣延等著/吉林师范大学外国问题研究所日本研究室编译.-上海:上海译文出版社,1978 |
| 162页;19cm |
| 内部发行 |
| ISBN :CNY0.45 |
| ● |
| 相关链接 |
|
|
|
|
正题名:日本北方领土
索取号:K313.9/39
 
预约/预借
| 序号 | 登录号 | 条形码 | 馆藏地/架位号 | 状态 | 备注 |
| 1 | 0455696 | 204556961 | 密集书库/ [索取号:K313.9/39] | 在馆 | |
| 2 | 0455697 | 204556970 | 密集书库/ [索取号:K313.9/39] | 在馆 | |
| 3 | 0465230 | 204652303 | 密集书库/ [索取号:K313.9/39] | 在馆 |